00917nam a2200253 a 4500001000800000005001700008008004100025020001500066041000800081044000700089050002700096245006800123260014500191300001900336440003300355500001100388650004000399650003000439700003400469902000800503942001100511999001500522952012600537BRL_89920190320210938.0231013s1996----mx-#######---#000-0#spa-# a9686806709 aspa amx 4aGR115.5.H53b.C67 199610aSierra EncantadabLeyendascHerlindo Corona Reyes (compilador). aQuerétarobGobierno del Estado de Hidalgo, Sistema de Educación Pública de Hidalgo : Consejo Estatal para la Cultura y las Artesc1996 a132 p.c21 cm. 0aColección Tremolina925270 aAu102114aLeyendaszHidalgo (México)92527114aLeyendas mexicanas9252721 aCorona Reyes, Herlindo925273 aGRL 2lcccB c9711d9711 00104070aBRLbBRLd2013-10-23iAu1021l0oGR115.5.H53 .C67 1996 (Au1021)pGRL00970r2019-03-22 00:00:00w2019-03-22yB